000 00911nam a2200265 i 4500
005 20231215134026.0
008 230123s2020 nyua b 001 0 eng d
020 _a9781632409850
040 _cCSPC
050 0 4 _aHF5686.C8
_bP75 2020
082 0 4 _a657.42
_bH120p
_223
100 1 _aHagar, Keith,
_eauthor.
245 1 0 _aPrinciples of cost accounting /
_cKeith Hagar.
264 1 _aNew York :
_bClanrye International,
_c2020.
300 _ax, 187 pages :
_bcolor illustrations ;
_c26 cm.
336 _2rdacontent
_atext
337 _2rdamedia
_aunmediated
338 _2rdacarrier
_avolume
504 _aIncludes bibliographical references and index.
650 0 _aCost accounting.
650 0 _aAccounting.
940 _amae
942 _cBK
_2ddc
_h657.42 H120p
_kCIR
_m2020
_n0
999 _c12978
_d12978